000
00222 a2200109 4500
020
_a
9780329128364
041
_a
spa
100
_a
Giff, Patricia Reilly
245
_a
Secretos de diciembre
942
_c
BK
999
_c
29610
_d
29608
999
_d
29608